000 006040000a22001930004500
001 768714001
003 CO-MdFUSB
005 20170613090651.0
008 170613s2005 cr ||||| |||| 00| 0 spa d
022 _a1659-0074
040 _aCO-MdFUSB
_bspa
_cCO-MdFUSB
_dCO-MdFUSB
041 _aspa
100 1 _aCreasman, Elaine
_eautor
245 1 0 _aCuando el amor se torna difícil
300 _aVolumen 2. Número 4 (2005), Páginas 12-14
_c 27 cm.
546 _aTexto en español
773 0 _tApuntes Mujer Líder
_049442
_960139
_gVolumen 2. Número 4 (2005), Páginas 12-14
_qPágina 12
942 _cANA
999 _c60940
_d60940